000 00696nam a22002177a 4500
005 20170124110103.0
010 _aB-181258
020 _c240.00
_a8186622179
035 _aB-181258
037 _bCen Lib/Ret
040 _aDPL
_bEN
082 _a921
_bMAZ
100 _aMazaar, Vinod
_927642
245 _aGandhi's 'pagla Bhagat' Seth Mukand Lal :
_cby Vinod Mazaar
_bjourney of a philanthropist /
260 _aNew Delhi
_bHarman Publishing House
_c1997
270 _aA-23 Naraina Ind. Area Phase-II
_bNew Delhi
_e110028
300 _axvi,175p. :
_c22cm(Hb)
_bill.
650 _aBiography--Mahatma
_927643
650 _aGandhi, Mahatma
_927644
942 _2ddc
_cEN
_h921
_mMAZ
999 _c129870
_d129870